00353 a2200145 4500003000500000005001700005040000900022082001200031100002400043245006000067260003900127300001000166600002300176650000800199Nust20230619082402.0 cNust a954,SAG aSagar ,Tariq Ismail aRAW :bResearch and Analysis Wing /cTariq Ismail Sagar aGHQ, RwpbServices Book Clubc1998 a240 p aTariq ismail Sagar aRaw